Raíces de la filosofía neoliberal: la ilustración escocesa del siglo XVIII /

में बचाया:
ग्रंथसूची विवरण
मुख्य लेखक: Tantaleán Arbulú, Javier
स्वरूप: मूलपाठ
विषय:
टैग: टैग जोड़ें
कोई टैग नहीं, इस रिकॉर्ड को टैग करने वाले पहले व्यक्ति बनें!

MARC

LEADER 00000 a a2200000 04500
001 18283
003
040
100 |a Tantaleán Arbulú, Javier  
245 |a Raíces de la filosofía neoliberal:   |b la ilustración escocesa del siglo XVIII /  |c Javier Tantaleán Arbulú 
650 |a LIBERALISMO  
650 |a NEOLIBERALISMO  
650 |a FILOSOFIA  
650 |a PROPIEDAD PRIVADA  
773 |g número 97; páginas 87-98  
999 |c 26306  |d 26306